[Event "Blitz 2018"]
[Site "Saint-Petersburg"]
[Date "2018.12.30"]
[Round "18"]
[Board "44"]
[White "Usmanov Vasily (RUS)"]
[Black "Tomashevsky Evgeny (RUS)"]
[Result "0-1"]
[LiveChessVersion "1.4.8"]
[BlackElo "2602"]
[WhiteElo "2459"]

1. d4 {[%clk 0:03:03]} Nf6 {[%clk 0:03:03]} 2. c4 {[%clk 0:03:04]} e6
{[%clk 0:03:04]} 3. a3 {[%clk 0:03:05]} c5 {[%clk 0:03:00]} 4. Nf3
{[%clk 0:03:05]} cxd4 {[%clk 0:02:35]} 5. Nxd4 {[%clk 0:03:05]} b6
{[%clk 0:02:28]} 6. Nb5 {[%clk 0:03:07]} d6 {[%clk 0:02:27]} 7. Bf4
{[%clk 0:03:05]} e5 {[%clk 0:02:19]} 8. Bg5 {[%clk 0:03:06]} Bb7 {[%clk 0:02:03]}
9. Nd2 {[%clk 0:02:26]} Nbd7 {[%clk 0:02:00]} 10. e4 {[%clk 0:02:19]} Be7
{[%clk 0:01:54]} 11. Be2 {[%clk 0:02:07]} O-O {[%clk 0:01:54]} 12. O-O
{[%clk 0:01:47]} Nc5 {[%clk 0:01:23]} 13. f3 {[%clk 0:01:43]} a6 {[%clk 0:01:24]}
14. Nc3 {[%clk 0:01:44]} b5 {[%clk 0:01:24]} 15. b4 {[%clk 0:01:43]} Ne6
{[%clk 0:01:24]} 16. Be3 {[%clk 0:01:42]} Rc8 {[%clk 0:01:15]} 17. Nd5
{[%clk 0:01:40]} Bxd5 {[%clk 0:01:00]} 18. cxd5 {[%clk 0:01:40]} Nf4
{[%clk 0:00:56]} 19. Nb3 {[%clk 0:01:35]} Rc3 {[%clk 0:00:52]} 20. Bxf4
{[%clk 0:01:03]} Qb6+ {[%clk 0:00:53]} 21. Kh1 {[%clk 0:00:44]} exf4
{[%clk 0:00:52]} 22. Qd4 {[%clk 0:00:45]} Qc7 {[%clk 0:00:31]} 23. Rfc1
{[%clk 0:00:44]} Rc8 {[%clk 0:00:32]} 24. Rxc3 {[%clk 0:00:39]} Qxc3
{[%clk 0:00:33]} 25. Rc1 {[%clk 0:00:35]} Qxc1+ {[%clk 0:00:34]} 26. Nxc1
{[%clk 0:00:36]} Rxc1+ {[%clk 0:00:34]} 27. Bd1 {[%clk 0:00:37]} Nd7
{[%clk 0:00:36]} 28. g3 {[%clk 0:00:32]} Ne5 {[%clk 0:00:16]} 29. gxf4
{[%clk 0:00:20]} Nc4 {[%clk 0:00:17]} 30. h4 {[%clk 0:00:15]} Bf6
{[%clk 0:00:18]} 31. e5 {[%clk 0:00:16]} dxe5 {[%clk 0:00:19]} 32. fxe5
{[%clk 0:00:07]} Bxe5 {[%clk 0:00:20]} 33. Qd3 {[%clk 0:00:05]} Nb2
{[%clk 0:00:14]} 34. Qf5 {[%clk 0:00:03]} Rxd1+ {[%clk 0:00:13]} 35. Kg2
{[%clk 0:00:05]} Bd6 {[%clk 0:00:13]} 36. Qc8+ {[%clk 0:00:05]} Bf8
{[%clk 0:00:13]} 37. Qc2 {[%clk 0:00:06]} Nc4 {[%clk 0:00:13]} 38. Kh3
{[%clk 0:00:07]} Rxd5 {[%clk 0:00:14]} 39. Qe4 {[%clk 0:00:06]} Rd6
{[%clk 0:00:13]} 40. Qa8 {[%clk 0:00:07]} h5 {[%clk 0:00:14]} 41. Kg3
{[%clk 0:00:06]} Rf6 {[%clk 0:00:15]} 42. f4 {[%clk 0:00:05]} Nxa3
{[%clk 0:00:15]} 43. Kf3 {[%clk 0:00:05]} g6 {[%clk 0:00:16]} 44. Ke4
{[%clk 0:00:06]} Nc4 {[%clk 0:00:17]} 45. f5 {[%clk 0:00:06]} Rxf5
{[%clk 0:00:15]} 46. Qxa6 {[%clk 0:00:07]} Be7 {[%clk 0:00:15]} 47. Qc8+
{[%clk 0:00:07]} Kg7 {[%clk 0:00:16]} 48. Qb8 {[%clk 0:00:08]} Bxh4
{[%clk 0:00:16]} 49. Kd4 {[%clk 0:00:09]} Bf6+ 50. Ke4 h4 {[%clk 0:00:17]} 51.
Qh2 {[%clk 0:00:10]} Rh5 {[%clk 0:00:18]} 52. Qh3 {[%clk 0:00:11]} Rg5
{[%clk 0:00:18]} 53. Qd7 {[%clk 0:00:07]} Re5+ {[%clk 0:00:16]} 54. Kf4
{[%clk 0:00:08]} Re3 {[%clk 0:00:16]} 55. Qxb5 {[%clk 0:00:07]} Re4+
{[%clk 0:00:10]} 56. Kf3 {[%clk 0:00:06]} Nd2+ {[%clk 0:00:11]} 57. Kg2
{[%clk 0:00:06]} Rg4+ {[%clk 0:00:08]} 58. Kf2 {[%clk 0:00:03]} h3
{[%clk 0:00:09]} 59. Qd7 {[%clk 0:00:04]} Rh4 {[%clk 0:00:08]} 60. Kg1
{[%clk 0:00:00]} h2+ {[%clk 0:00:08]} 61. Kh1 {[%clk 0:00:00]} Ne4
{[%clk 0:00:08]} 0-1

[Event "Blitz 2018"]
[Site "Saint-Petersburg"]
[Date "2018.12.30"]
[Round "18"]
[Board "46"]
[White "Jumabayev Rinat (KAZ)"]
[Black "Le Quang Liem (VIE)"]
[Result "0-1"]
[LiveChessVersion "1.4.8"]
[BlackElo "2749"]
[WhiteElo "2554"]

1. e4 {[%clk 0:03:04]} c5 {[%clk 0:03:03]} 2. Nf3 {[%clk 0:03:05]} Nc6
{[%clk 0:03:04]} 3. Bb5 {[%clk 0:03:06]} g6 {[%clk 0:03:05]} 4. O-O
{[%clk 0:03:06]} Bg7 {[%clk 0:03:07]} 5. Bxc6 {[%clk 0:03:06]} dxc6
{[%clk 0:03:08]} 6. h3 {[%clk 0:03:07]} Nf6 {[%clk 0:02:55]} 7. d3
{[%clk 0:03:07]} Nd7 {[%clk 0:02:55]} 8. Nc3 {[%clk 0:03:03]} b6 {[%clk 0:02:55]}
9. a3 {[%clk 0:02:48]} a5 {[%clk 0:02:49]} 10. Nd2 {[%clk 0:02:38]} e5
{[%clk 0:02:46]} 11. Nc4 {[%clk 0:02:39]} O-O {[%clk 0:02:42]} 12. f4
{[%clk 0:02:40]} exf4 {[%clk 0:02:29]} 13. Bxf4 {[%clk 0:02:40]} Ba6
{[%clk 0:02:28]} 14. Bd6 {[%clk 0:02:13]} Re8 {[%clk 0:02:27]} 15. Qf3
{[%clk 0:01:49]} Bxc4 {[%clk 0:02:24]} 16. dxc4 {[%clk 0:01:50]} Qf6
{[%clk 0:02:22]} 17. Qxf6 {[%clk 0:01:26]} Bxf6 {[%clk 0:02:22]} 18. Na4
{[%clk 0:01:07]} Rxe4 {[%clk 0:02:15]} 19. c3 {[%clk 0:00:50]} Bg5
{[%clk 0:01:58]} 20. Rae1 {[%clk 0:00:35]} Rae8 {[%clk 0:01:55]} 21. Rxe4
{[%clk 0:00:35]} Rxe4 {[%clk 0:01:56]} 22. Bc7 {[%clk 0:00:18]} b5
{[%clk 0:01:56]} 23. Nb6 {[%clk 0:00:19]} Nxb6 {[%clk 0:01:43]} 24. Bxb6
{[%clk 0:00:20]} Re2 {[%clk 0:01:35]} 25. b3 {[%clk 0:00:14]} Be3+
{[%clk 0:01:21]} 26. Kh1 {[%clk 0:00:14]} bxc4 {[%clk 0:01:21]} 27. bxc4
{[%clk 0:00:15]} a4 {[%clk 0:01:21]} 28. Rd1 {[%clk 0:00:10]} Kg7
{[%clk 0:01:18]} 29. Rd7 {[%clk 0:00:08]} Re1+ {[%clk 0:01:04]} 30. Kh2
{[%clk 0:00:09]} Bg1+ {[%clk 0:01:03]} 31. Kg3 {[%clk 0:00:10]} Re3+
{[%clk 0:01:04]} 32. Kf4 {[%clk 0:00:10]} Rxc3 {[%clk 0:01:04]} 33. Ke5
{[%clk 0:00:06]} Rxc4 {[%clk 0:00:59]} 34. Ra7 {[%clk 0:00:07]} Bh2+ 35. Kd4 0-1

[Event "Blitz 2018"]
[Site "Saint-Petersburg"]
[Date "2018.12.30"]
[Round "18"]
[Board "47"]
[White "Bocharov Ivan (RUS)"]
[Black "Levin Evgeny A. (RUS)"]
[Result "1-0"]
[LiveChessVersion "1.4.8"]
[BlackElo "2539"]
[WhiteElo "2715"]

1. e4 {[%clk 0:03:04]} d5 {[%clk 0:03:03]} 2. exd5 {[%clk 0:03:03]} Qxd5
{[%clk 0:03:04]} 3. Nc3 {[%clk 0:03:04]} Qd8 {[%clk 0:03:05]} 4. Nf3
{[%clk 0:03:04]} c6 {[%clk 0:03:06]} 5. d4 {[%clk 0:03:05]} Bg4 {[%clk 0:03:05]}
6. h3 {[%clk 0:03:03]} Bxf3 {[%clk 0:03:05]} 7. Qxf3 {[%clk 0:03:01]} e6
{[%clk 0:03:06]} 8. Be3 {[%clk 0:02:52]} Nf6 {[%clk 0:03:06]} 9. O-O-O
{[%clk 0:02:52]} Nbd7 {[%clk 0:03:06]} 10. g4 {[%clk 0:02:52]} Bb4
{[%clk 0:02:55]} 11. g5 {[%clk 0:02:52]} Nd5 {[%clk 0:02:49]} 12. Ne4
{[%clk 0:02:53]} Qa5 {[%clk 0:02:31]} 13. Kb1 {[%clk 0:02:42]} f5
{[%clk 0:02:23]} 14. gxf6 {[%clk 0:02:41]} N7xf6 {[%clk 0:02:23]} 15. Ng5
{[%clk 0:02:39]} O-O {[%clk 0:01:10]} 16. Nxe6 {[%clk 0:02:38]} Rfe8
{[%clk 0:00:50]} 17. Nxg7 {[%clk 0:02:21]} Kxg7 {[%clk 0:00:42]} 18. Rg1+
{[%clk 0:02:20]} Kh8 {[%clk 0:00:34]} 19. c4 {[%clk 0:02:21]} Rf8
{[%clk 0:00:22]} 20. cxd5 {[%clk 0:02:18]} Qxd5 {[%clk 0:00:18]} 21. Be2
{[%clk 0:01:59]} Ne4 {[%clk 0:00:13]} 22. Qg4 {[%clk 0:01:08]} Rg8
{[%clk 0:00:14]} 23. Qh4 {[%clk 0:01:07]} Rxg1 {[%clk 0:00:04]} 24. Rxg1
{[%clk 0:01:09]} Qf5 {[%clk 0:00:04]} 25. Bd3 {[%clk 0:01:08]} Re8
{[%clk 0:00:05]} 26. Bf4 {[%clk 0:00:52]} Nc3+ {[%clk 0:00:05]} 27. Ka1
{[%clk 0:00:53]} Qf7 {[%clk 0:00:05]} 28. Bc4 {[%clk 0:00:38]} Qf5
{[%clk 0:00:05]} 29. Be5+ {[%clk 0:00:36]} Rxe5 {[%clk 0:00:06]} 30. dxe5
{[%clk 0:00:38]} 1-0

[Event "Blitz 2018"]
[Site "Saint-Petersburg"]
[Date "2018.12.30"]
[Round "18"]
[Board "48"]
[White "Tukhaev Adam (UKR)"]
[Black "Ragger Markus (AUT)"]
[Result "1/2-1/2"]
[LiveChessVersion "1.4.8"]
[BlackElo "2677"]
[WhiteElo "2529"]

1. e4 {[%clk 0:03:03]} e5 {[%clk 0:03:04]} 2. d4 {[%clk 0:03:04]} exd4
{[%clk 0:03:05]} 3. Nf3 {[%clk 0:03:05]} Nc6 {[%clk 0:03:06]} 4. Nxd4
{[%clk 0:03:05]} Nf6 {[%clk 0:03:07]} 5. Nc3 {[%clk 0:03:06]} Bb4
{[%clk 0:03:08]} 6. Nxc6 {[%clk 0:03:07]} bxc6 {[%clk 0:03:09]} 7. Bd3
{[%clk 0:03:07]} d5 {[%clk 0:03:10]} 8. exd5 {[%clk 0:03:08]} O-O
{[%clk 0:03:10]} 9. O-O {[%clk 0:03:08]} cxd5 {[%clk 0:03:11]} 10. h3
{[%clk 0:03:00]} Rb8 {[%clk 0:03:09]} 11. a3 {[%clk 0:02:32]} Bxc3
{[%clk 0:02:45]} 12. bxc3 {[%clk 0:02:33]} c5 {[%clk 0:02:47]} 13. Be3
{[%clk 0:02:19]} c4 {[%clk 0:02:14]} 14. Be2 {[%clk 0:02:20]} Ne4
{[%clk 0:02:11]} 15. Bxa7 {[%clk 0:02:07]} Nxc3 {[%clk 0:02:04]} 16. Qe1
{[%clk 0:01:46]} Nxe2+ {[%clk 0:01:55]} 17. Qxe2 {[%clk 0:01:47]} Rb7
{[%clk 0:01:53]} 18. Bd4 {[%clk 0:01:47]} Re8 {[%clk 0:01:29]} 19. Qd2
{[%clk 0:01:48]} Rbe7 {[%clk 0:01:12]} 20. Rfe1 {[%clk 0:01:41]} f6
{[%clk 0:00:46]} 21. a4 {[%clk 0:01:37]} Kf7 {[%clk 0:00:36]} 22. a5
{[%clk 0:01:34]} Rxe1+ {[%clk 0:00:35]} 23. Rxe1 {[%clk 0:01:35]} Rxe1+
{[%clk 0:00:36]} 24. Qxe1 {[%clk 0:01:35]} Qe7 {[%clk 0:00:37]} 25. Qa1
{[%clk 0:01:16]} Qe6 {[%clk 0:00:37]} 26. f3 {[%clk 0:01:04]} h5 {[%clk 0:00:38]}
27. Kf2 {[%clk 0:00:53]} h4 {[%clk 0:00:38]} 28. Qa3 {[%clk 0:00:54]} Qe7
{[%clk 0:00:32]} 29. Qb2 {[%clk 0:00:45]} Qc7 {[%clk 0:00:31]} 30. Qc3
{[%clk 0:00:37]} Qg3+ {[%clk 0:00:28]} 31. Kf1 {[%clk 0:00:38]} Qf4
{[%clk 0:00:19]} 32. Be3 {[%clk 0:00:40]} Qe5 {[%clk 0:00:18]} 33. Bd4
{[%clk 0:00:41]} Qf4 {[%clk 0:00:19]} 34. Bb6 {[%clk 0:00:28]} Qe5
{[%clk 0:00:17]} 35. Qd2 {[%clk 0:00:26]} Bf5 {[%clk 0:00:16]} 36. Bd4
{[%clk 0:00:20]} Qd6 {[%clk 0:00:17]} 37. Bf2 {[%clk 0:00:18]} g5
{[%clk 0:00:18]} 38. Bd4 {[%clk 0:00:18]} Kg6 {[%clk 0:00:19]} 39. Qe2
{[%clk 0:00:12]} Qc6 {[%clk 0:00:18]} 40. Kf2 {[%clk 0:00:11]} c3
{[%clk 0:00:18]} 41. Qe3 {[%clk 0:00:09]} Bxc2 {[%clk 0:00:18]} 42. Bxc3
{[%clk 0:00:10]} Bf5 {[%clk 0:00:15]} 43. Qd4 {[%clk 0:00:10]} Bc8
{[%clk 0:00:16]} 44. Bd2 {[%clk 0:00:06]} Bf5 {[%clk 0:00:16]} 45. Bc3
{[%clk 0:00:07]} Bc8 {[%clk 0:00:15]} 46. Qe3 {[%clk 0:00:09]} Bf5
{[%clk 0:00:16]} 47. Kg1 {[%clk 0:00:08]} Bc8 {[%clk 0:00:17]} 48. Kh1
{[%clk 0:00:09]} Bd7 {[%clk 0:00:15]} 49. Bb4 {[%clk 0:00:10]} Bf5
{[%clk 0:00:15]} 50. Bc5 {[%clk 0:00:10]} Qa6 {[%clk 0:00:15]} 51. Kg1
{[%clk 0:00:11]} Bd7 {[%clk 0:00:16]} 52. Bd4 {[%clk 0:00:11]} Qc6
{[%clk 0:00:17]} 53. Bc3 {[%clk 0:00:11]} Bf5 {[%clk 0:00:18]} 54. Qd4
{[%clk 0:00:12]} Bc8 {[%clk 0:00:18]} 55. Qb4 {[%clk 0:00:13]} Ba6
{[%clk 0:00:16]} 56. Bd4 {[%clk 0:00:13]} Qc4 {[%clk 0:00:15]} 57. Qxc4
{[%clk 0:00:14]} Bxc4 {[%clk 0:00:14]} 58. Kf2 {[%clk 0:00:15]} f5
{[%clk 0:00:16]} 59. Bc5 {[%clk 0:00:14]} Kf6 {[%clk 0:00:16]} 60. Ke3
{[%clk 0:00:14]} Bf1 {[%clk 0:00:17]} 61. Kf2 {[%clk 0:00:15]} Bc4
{[%clk 0:00:18]} 62. Bb6 {[%clk 0:00:16]} f4 {[%clk 0:00:15]} 63. Bd8+
{[%clk 0:00:18]} Kf5 {[%clk 0:00:16]} 64. Bb6 {[%clk 0:00:19]} Ke5
{[%clk 0:00:17]} 65. Bc7+ {[%clk 0:00:19]} Kf5 {[%clk 0:00:18]} 66. Bd8
{[%clk 0:00:20]} d4 {[%clk 0:00:18]} 67. Be7 {[%clk 0:00:21]} Ba6
{[%clk 0:00:17]} 68. Bc5 {[%clk 0:00:22]} Ke5 {[%clk 0:00:18]} 69. Be7
{[%clk 0:00:23]} Kf5 {[%clk 0:00:20]} 70. Ke1 {[%clk 0:00:24]} Bb5
{[%clk 0:00:19]} 71. Bd8 {[%clk 0:00:24]} Ba6 {[%clk 0:00:20]} 72. Bc7
{[%clk 0:00:25]} Bb5 {[%clk 0:00:20]} 73. Bb6 {[%clk 0:00:23]} Ke5
{[%clk 0:00:21]} 74. Bc5 {[%clk 0:00:24]} Ba6 {[%clk 0:00:22]} 75. Kf2
{[%clk 0:00:25]} Bb5 {[%clk 0:00:23]} 76. Ke1 {[%clk 0:00:25]} Ba6
{[%clk 0:00:24]} 77. Be7 {[%clk 0:00:26]} Kf5 {[%clk 0:00:26]} 78. Bf8
{[%clk 0:00:27]} Kf6 {[%clk 0:00:23]} 79. Ba3 {[%clk 0:00:27]} Ke5
{[%clk 0:00:24]} 80. Bb4 {[%clk 0:00:28]} Bb5 {[%clk 0:00:25]} 81. Bf8
{[%clk 0:00:29]} Kf6 {[%clk 0:00:26]} 82. Bh6 {[%clk 0:00:29]} Kg6
{[%clk 0:00:25]} 83. Bf8 {[%clk 0:00:30]} Kf6 {[%clk 0:00:26]} 84. Bc5
{[%clk 0:00:31]} Ke5 {[%clk 0:00:27]} 85. Bb6 {[%clk 0:00:32]} Ba6
{[%clk 0:00:28]} 86. Bc5 {[%clk 0:00:26]} Bb5 {[%clk 0:00:29]} 87. Be7
{[%clk 0:00:27]} Kf5 {[%clk 0:00:30]} 88. Kd2 {[%clk 0:00:22]} Ba6
{[%clk 0:00:31]} 89. Bf8 {[%clk 0:00:21]} Kf6 {[%clk 0:00:32]} 90. Bd6
{[%clk 0:00:21]} Bf1 {[%clk 0:00:32]} 91. Ke1 {[%clk 0:00:23]} Ba6
{[%clk 0:00:32]} 92. Bc5 {[%clk 0:00:22]} Ke5 {[%clk 0:00:27]} 1/2-1/2

[Event "Blitz 2018"]
[Site "Saint-Petersburg"]
[Date "2018.12.30"]
[Round "18"]
[Board "49"]
[White "Goganov Aleksey (RUS)"]
[Black "Sargissian Gabriel (ARM)"]
[Result "0-1"]
[LiveChessVersion "1.4.8"]
[BlackElo "2651"]
[WhiteElo "2539"]

1. Nf3 {[%clk 0:03:02]} d5 {[%clk 0:03:04]} 2. e3 {[%clk 0:03:03]} Nf6
{[%clk 0:03:04]} 3. c4 {[%clk 0:03:04]} e6 {[%clk 0:03:04]} 4. b3
{[%clk 0:03:04]} Be7 {[%clk 0:03:05]} 5. Bb2 {[%clk 0:03:05]} O-O
{[%clk 0:03:05]} 6. Nc3 {[%clk 0:03:05]} b6 {[%clk 0:03:05]} 7. cxd5
{[%clk 0:03:00]} exd5 {[%clk 0:03:05]} 8. d4 {[%clk 0:03:00]} Bb7
{[%clk 0:03:06]} 9. Bd3 {[%clk 0:03:00]} Nbd7 {[%clk 0:03:06]} 10. O-O
{[%clk 0:03:00]} Ne4 {[%clk 0:02:35]} 11. Qc2 {[%clk 0:02:57]} Ndf6
{[%clk 0:02:35]} 12. Ne5 {[%clk 0:02:55]} Bd6 {[%clk 0:02:36]} 13. Nb5
{[%clk 0:02:48]} Qe7 {[%clk 0:02:35]} 14. Nxd6 {[%clk 0:02:41]} cxd6
{[%clk 0:02:35]} 15. Nf3 {[%clk 0:02:40]} Ng4 {[%clk 0:02:10]} 16. Qe2
{[%clk 0:02:35]} Rac8 {[%clk 0:02:04]} 17. h3 {[%clk 0:02:28]} Nh6
{[%clk 0:02:03]} 18. Rac1 {[%clk 0:02:27]} Nf5 {[%clk 0:02:02]} 19. Rxc8
{[%clk 0:02:15]} Rxc8 {[%clk 0:02:03]} 20. Rc1 {[%clk 0:02:13]} Rxc1+
{[%clk 0:01:59]} 21. Bxc1 {[%clk 0:02:14]} Qc7 {[%clk 0:01:54]} 22. Qc2
{[%clk 0:02:03]} Qxc2 {[%clk 0:01:55]} 23. Bxc2 {[%clk 0:02:04]} Ne7
{[%clk 0:01:53]} 24. Ba3 {[%clk 0:01:57]} f6 {[%clk 0:01:53]} 25. Ne1
{[%clk 0:01:39]} Nc8 {[%clk 0:01:38]} 26. Bb2 {[%clk 0:01:39]} Kf7
{[%clk 0:01:36]} 27. f3 {[%clk 0:01:39]} Ng5 {[%clk 0:01:37]} 28. h4
{[%clk 0:01:34]} Ne6 {[%clk 0:01:38]} 29. Bxh7 {[%clk 0:01:31]} g6
{[%clk 0:01:37]} 30. h5 {[%clk 0:01:31]} gxh5 {[%clk 0:01:37]} 31. Bd3
{[%clk 0:01:27]} Nc7 {[%clk 0:01:35]} 32. Kf2 {[%clk 0:01:27]} Ba6
{[%clk 0:01:36]} 33. Bc2 {[%clk 0:01:27]} Ne7 {[%clk 0:01:35]} 34. g3
{[%clk 0:01:28]} Nc6 {[%clk 0:01:35]} 35. a3 {[%clk 0:01:21]} Ne6
{[%clk 0:01:31]} 36. Ng2 {[%clk 0:01:18]} Ng7 {[%clk 0:01:26]} 37. Nf4
{[%clk 0:01:16]} Ne7 {[%clk 0:01:21]} 38. Bc3 {[%clk 0:01:14]} Bb7
{[%clk 0:01:04]} 39. Bb4 {[%clk 0:01:15]} Nc8 {[%clk 0:01:05]} 40. Bg6+
{[%clk 0:01:15]} Kf8 {[%clk 0:01:02]} 41. Nxh5 {[%clk 0:01:04]} Nxh5
{[%clk 0:01:02]} 42. Bxh5 {[%clk 0:01:05]} a5 {[%clk 0:01:03]} 43. Bc3
{[%clk 0:01:03]} Na7 {[%clk 0:01:03]} 44. Bg6 {[%clk 0:00:55]} Bc6
{[%clk 0:01:04]} 45. Bc2 {[%clk 0:00:52]} Ke7 {[%clk 0:01:05]} 46. g4
{[%clk 0:00:51]} Be8 {[%clk 0:00:59]} 47. Kg3 {[%clk 0:00:51]} Nc6
{[%clk 0:00:59]} 48. Kf4 {[%clk 0:00:46]} Nd8 {[%clk 0:01:01]} 49. e4
{[%clk 0:00:44]} Ne6+ {[%clk 0:01:01]} 50. Ke3 {[%clk 0:00:45]} dxe4
{[%clk 0:00:58]} 51. Bxe4 {[%clk 0:00:44]} Nc7 {[%clk 0:00:58]} 52. f4
{[%clk 0:00:30]} Bf7 {[%clk 0:00:59]} 53. Bc2 {[%clk 0:00:26]} Nd5+
{[%clk 0:01:00]} 54. Kd2 {[%clk 0:00:23]} Nxf4 {[%clk 0:01:01]} 55. Bf5
{[%clk 0:00:22]} Bxb3 {[%clk 0:01:00]} 56. d5 {[%clk 0:00:23]} Bxd5
{[%clk 0:00:47]} 57. Bd4 {[%clk 0:00:24]} b5 {[%clk 0:00:48]} 58. Bb6
{[%clk 0:00:25]} a4 {[%clk 0:00:45]} 59. Be3 {[%clk 0:00:26]} Nh3
{[%clk 0:00:41]} 60. Kc3 {[%clk 0:00:26]} Ng5 {[%clk 0:00:35]} 61. Kb4
{[%clk 0:00:27]} Bc4 {[%clk 0:00:26]} 62. Bc2 {[%clk 0:00:21]} Be2
{[%clk 0:00:25]} 63. Bf5 {[%clk 0:00:21]} Nf7 {[%clk 0:00:24]} 64. Be4
{[%clk 0:00:13]} Bxg4 {[%clk 0:00:18]} 65. Kxb5 {[%clk 0:00:14]} Bd7+
{[%clk 0:00:19]} 66. Kb4 {[%clk 0:00:14]} Ne5 {[%clk 0:00:18]} 67. Bc2
{[%clk 0:00:14]} f5 {[%clk 0:00:17]} 68. Bxa4 {[%clk 0:00:12]} f4
{[%clk 0:00:18]} 69. Bxd7 {[%clk 0:00:11]} Kxd7 {[%clk 0:00:11]} 70. Bg1
{[%clk 0:00:08]} f3 {[%clk 0:00:11]} 71. Kc3 {[%clk 0:00:09]} Ng4
{[%clk 0:00:12]} 72. a4 {[%clk 0:00:07]} f2 {[%clk 0:00:12]} 73. Bxf2
{[%clk 0:00:08]} Nxf2 {[%clk 0:00:13]} 74. Kd4 {[%clk 0:00:09]} Ng4
{[%clk 0:00:13]} 75. a5 {[%clk 0:00:11]} Nf6 {[%clk 0:00:14]} 76. Kc4
{[%clk 0:00:11]} Kc6 77. Kb4 Ne8 {[%clk 0:00:15]} 78. Kc4 {[%clk 0:00:13]} Nc7
{[%clk 0:00:16]} 79. Kb4 {[%clk 0:00:15]} Na6+ {[%clk 0:00:15]} 80. Kc4
{[%clk 0:00:16]} d5+ {[%clk 0:00:16]} 81. Kd4 {[%clk 0:00:18]} Kd6
{[%clk 0:00:18]} 82. Kd3 {[%clk 0:00:19]} Kc5 {[%clk 0:00:19]} 83. Kc3
{[%clk 0:00:21]} d4+ {[%clk 0:00:20]} 84. Kxd4+ 0-1

[Event "Blitz 2018"]
[Site "Saint-Petersburg"]
[Date "2018.12.30"]
[Round "18"]
[Board "50"]
[White "Bindrich Falko (GER)"]
[Black "Vishnu Prasanna. V (IND)"]
[Result "0-1"]
[LiveChessVersion "1.4.8"]
[BlackElo "2519"]
[WhiteElo "2639"]

1. d4 {[%clk 0:03:03]} d5 {[%clk 0:03:03]} 2. c4 {[%clk 0:03:04]} c6
{[%clk 0:03:04]} 3. Nf3 {[%clk 0:03:04]} Nf6 {[%clk 0:03:05]} 4. e3
{[%clk 0:03:06]} e6 {[%clk 0:03:06]} 5. b3 {[%clk 0:03:07]} c5 {[%clk 0:03:06]}
6. Nbd2 {[%clk 0:03:07]} Nc6 {[%clk 0:03:04]} 7. Bb2 {[%clk 0:03:07]} cxd4
{[%clk 0:03:04]} 8. Nxd4 {[%clk 0:03:08]} Bd7 {[%clk 0:03:04]} 9. Be2
{[%clk 0:03:03]} Bd6 {[%clk 0:03:02]} 10. cxd5 {[%clk 0:02:59]} exd5
{[%clk 0:03:02]} 11. Nb5 {[%clk 0:02:55]} Be7 {[%clk 0:02:38]} 12. O-O
{[%clk 0:02:54]} O-O {[%clk 0:02:38]} 13. Rc1 {[%clk 0:02:55]} a6
{[%clk 0:02:37]} 14. Nd4 {[%clk 0:02:56]} Bd6 {[%clk 0:02:34]} 15. N2f3
{[%clk 0:02:52]} Re8 {[%clk 0:02:32]} 16. Nxc6 {[%clk 0:02:38]} bxc6
{[%clk 0:02:33]} 17. Qd4 {[%clk 0:02:38]} a5 {[%clk 0:02:19]} 18. Bd3
{[%clk 0:02:23]} Rb8 {[%clk 0:02:10]} 19. Qh4 {[%clk 0:02:21]} Ne4
{[%clk 0:02:09]} 20. Qxd8 {[%clk 0:02:20]} Rexd8 {[%clk 0:02:04]} 21. Be5
{[%clk 0:02:19]} f6 {[%clk 0:01:19]} 22. Bxd6 {[%clk 0:02:15]} Nxd6
{[%clk 0:01:20]} 23. Nd4 {[%clk 0:02:15]} Rb6 {[%clk 0:01:21]} 24. Rc3
{[%clk 0:01:44]} Nb7 {[%clk 0:01:21]} 25. Rfc1 {[%clk 0:01:30]} c5
{[%clk 0:01:21]} 26. Ne2 {[%clk 0:01:31]} a4 {[%clk 0:01:15]} 27. Nf4
{[%clk 0:01:30]} axb3 {[%clk 0:01:10]} 28. axb3 {[%clk 0:01:16]} Be8
{[%clk 0:00:55]} 29. Bf5 {[%clk 0:01:00]} Bf7 {[%clk 0:00:55]} 30. Nd3
{[%clk 0:01:00]} d4 {[%clk 0:00:56]} 31. exd4 {[%clk 0:01:01]} cxd4
{[%clk 0:00:56]} 32. Rc8 {[%clk 0:01:00]} Rxb3 {[%clk 0:00:53]} 33. Rxd8+
{[%clk 0:00:58]} Nxd8 {[%clk 0:00:54]} 34. Rc8 {[%clk 0:00:58]} g6
{[%clk 0:00:50]} 35. Nc1 {[%clk 0:00:39]} Rc3 {[%clk 0:00:28]} 36. Rxd8+
{[%clk 0:00:40]} Kg7 {[%clk 0:00:29]} 37. Ne2 {[%clk 0:00:37]} Ra3
{[%clk 0:00:30]} 38. h4 {[%clk 0:00:17]} gxf5 {[%clk 0:00:30]} 39. Nxd4
{[%clk 0:00:18]} Ra5 {[%clk 0:00:29]} 40. Rd7 {[%clk 0:00:17]} h5
{[%clk 0:00:29]} 41. Ne6+ {[%clk 0:00:17]} Kg8 {[%clk 0:00:25]} 42. Nf4
{[%clk 0:00:18]} Ra4 {[%clk 0:00:25]} 43. g3 {[%clk 0:00:18]} Be8
{[%clk 0:00:20]} 44. Rd8 {[%clk 0:00:19]} Kf7 {[%clk 0:00:19]} 45. Rb8
{[%clk 0:00:18]} Ra1+ {[%clk 0:00:18]} 46. Kg2 {[%clk 0:00:10]} Bc6+
{[%clk 0:00:19]} 47. f3 {[%clk 0:00:11]} Ra2+ {[%clk 0:00:20]} 48. Kf1
{[%clk 0:00:12]} Bxf3 {[%clk 0:00:21]} 49. Rc8 {[%clk 0:00:11]} Ke7
{[%clk 0:00:20]} 50. Rc7+ {[%clk 0:00:10]} Kd6 {[%clk 0:00:20]} 51. Rf7
{[%clk 0:00:10]} Ke5 {[%clk 0:00:20]} 52. Re7+ {[%clk 0:00:11]} Kd4
{[%clk 0:00:21]} 53. Re6 {[%clk 0:00:12]} Be4 {[%clk 0:00:21]} 54. Rb6
{[%clk 0:00:06]} Ra3 {[%clk 0:00:18]} 55. Nxh5 {[%clk 0:00:05]} Ke3
{[%clk 0:00:18]} 0-1

[Event "Blitz 2018"]
[Site "Saint-Petersburg"]
[Date "2018.12.30"]
[Round "18"]
[Board "51"]
[White "Salgado Lopez Ivan (ESP)"]
[Black "Roiz Michael (ISR)"]
[Result "1/2-1/2"]
[LiveChessVersion "1.4.8"]
[BlackElo "2617"]
[WhiteElo "2513"]

1. e4 {[%clk 0:03:02]} e5 {[%clk 0:03:03]} 2. Nf3 {[%clk 0:03:02]} Nc6
{[%clk 0:03:04]} 3. Bb5 {[%clk 0:03:03]} Nf6 4. d3 {[%clk 0:03:03]} Bc5
{[%clk 0:03:01]} 5. Ba4 {[%clk 0:03:02]} O-O {[%clk 0:02:54]} 6. O-O
{[%clk 0:03:02]} Re8 {[%clk 0:02:29]} 7. c3 {[%clk 0:02:59]} d5 {[%clk 0:02:07]}
8. Nbd2 {[%clk 0:02:43]} dxe4 {[%clk 0:02:01]} 9. Nxe4 {[%clk 0:02:44]} Nxe4
{[%clk 0:02:01]} 10. dxe4 {[%clk 0:02:44]} Qe7 {[%clk 0:01:56]} 11. h3
{[%clk 0:02:27]} a5 {[%clk 0:01:46]} 12. Qe2 {[%clk 0:02:25]} Bd7
{[%clk 0:01:43]} 13. Bc2 {[%clk 0:02:14]} f6 {[%clk 0:01:31]} 14. Bb3+
{[%clk 0:02:08]} Be6 {[%clk 0:01:30]} 15. Qb5 {[%clk 0:01:59]} Bb6
{[%clk 0:01:30]} 16. Nd2 {[%clk 0:01:48]} Na7 {[%clk 0:01:14]} 17. Qe2
{[%clk 0:01:46]} Nc8 {[%clk 0:01:12]} 18. Nc4 {[%clk 0:01:31]} Qf7
{[%clk 0:01:09]} 19. Nxb6 {[%clk 0:01:25]} Nxb6 {[%clk 0:01:09]} 20. Bxe6
{[%clk 0:01:16]} Qxe6 {[%clk 0:01:10]} 21. b3 {[%clk 0:01:16]} a4
{[%clk 0:01:10]} 22. b4 {[%clk 0:01:13]} Qc4 {[%clk 0:01:08]} 23. Qxc4+
{[%clk 0:01:08]} Nxc4 {[%clk 0:01:09]} 24. Be3 {[%clk 0:01:08]} Red8
{[%clk 0:01:08]} 25. Rfd1 {[%clk 0:01:09]} Kf7 {[%clk 0:00:59]} 26. Kf1
{[%clk 0:01:10]} Ke6 {[%clk 0:00:51]} 27. Ke2 {[%clk 0:01:11]} b6
{[%clk 0:00:52]} 28. h4 {[%clk 0:01:04]} h5 {[%clk 0:00:52]} 29. Rxd8
{[%clk 0:01:01]} Rxd8 {[%clk 0:00:53]} 30. Rg1 {[%clk 0:01:01]} Nd6
{[%clk 0:00:40]} 31. f3 {[%clk 0:00:59]} g6 {[%clk 0:00:37]} 32. Rd1
{[%clk 0:00:53]} Rd7 {[%clk 0:00:37]} 33. Rd5 {[%clk 0:00:44]} c6
{[%clk 0:00:37]} 34. Rd1 {[%clk 0:00:41]} b5 {[%clk 0:00:37]} 35. Bc5
{[%clk 0:00:39]} Nc4 {[%clk 0:00:33]} 36. Rxd7 {[%clk 0:00:37]} Kxd7
{[%clk 0:00:34]} 37. g4 {[%clk 0:00:33]} Ke6 {[%clk 0:00:36]} 38. Bf8
{[%clk 0:00:33]} Nb6 {[%clk 0:00:36]} 39. Bc5 {[%clk 0:00:33]} Nc4
{[%clk 0:00:36]} 40. Bf8 {[%clk 0:00:34]} Nb6 {[%clk 0:00:34]} 41. Bc5
{[%clk 0:00:35]} 1/2-1/2